The 400 silent years. (Record no. 2482)

000 -LEADER
fixed length control field 00637nam a2200205 a 4500
001 - CONTROL NUMBER
control field :::00000207$&:&@@
003 - CONTROL NUMBER IDENTIFIER
control field OkBaRHE
005 - DATE AND TIME OF LATEST TRANSACTION
control field 20000607103236.0
008 - FIXED-LENGTH DATA ELEMENTS--GENERAL INFORMATION
fixed length control field s22 j 000 0 eng u
040 ## - CATALOGING SOURCE
Transcribing agency
100 1# - MAIN ENTRY--PERSONAL NAME
Personal name Lindsay, Gordon.
245 14 - TITLE STATEMENT
Title The 400 silent years.
260 ## - PUBLICATION, DISTRIBUTION, ETC. (IMPRINT)
Place of publication, distribution, etc 32 p. ;
Date of publication, distribution, etc 22
300 ## - PHYSICAL DESCRIPTION
Extent Dallas, TX., : : Christ for the Nations, Inc., ;
Dimensions 1976.
490 0# - SERIES STATEMENT
Series statement Through the Bible series, v. 37.
650 ## - SUBJECT ADDED ENTRY--TOPICAL TERM
Topical term or geographic name as entry element Bible
General subdivision History
-- Inter-testamental
650 ## - SUBJECT ADDED ENTRY--TOPICAL TERM
Topical term or geographic name as entry element Intertestamental History
942 ## - ADDED ENTRY ELEMENTS (KOHA)
Source of classification or shelving scheme
Koha item type Books
Copies
Price effective from Source of classification or shelving scheme Date acquired Date last seen Damaged status Koha item type Permanent Location Full call number Withdrawn status Barcode Not for loan Copy number Shelving location Lost status
2010-04-14 2010-04-142010-04-14 BooksRHEMA Bible Training CollegeBM 176 .L5 207 1General Stacks